000 01100cam a22003137a 4500
003 CHAP
005 20220329134718.0
008 971013s1973 r 00010 d
010 _a24624
011 _a25596
035 _a29696
040 _cCHAP
082 _a338.19861
_bI5
110 _aInstituto Colombiano Agropecuario. Tibaitatá
_959089
245 1 4 _aLos insumos agropecuarios en Colombia
260 _aBogotá :
_bInstituto Colombia Agropecuario,
_c1973
300 _a2 v.
_b; gráfs
590 _aBATCH-UPD
_b10
_c20130110
_lUCH01
_h1039
590 _aBATCH-UPD
_b10
_c20130410
_lUCH01
_h0639
590 _aBATCH-UPD
_b10
_c20130914
_lUCH01
_h0018
590 _aCONVERSION
_b10
_c20130109
_lUCH01
_h1314
650 1 4 _aAgricultura
_xAspectos económicos
_xColombia.
_91231
650 1 4 _aAgricultura
_xColombia.
_91368
650 1 4 _aGanadería
_xAspectos económicos
_xColombia.
_944627
901 _aBK
942 _cLIBRO
949 _a338.19861 I5
_bBC
_cLIBRO
_d33724000416038
_eLIBRO
_fv.1
_h37753
_i29696
_mD
_si
949 _a338.19861 I5
_bBC
_cLIBRO
_d33724000416046
_eLIBRO
_fv.2
_h37754
_i29696
_mD
_si
999 _c24624
_d24624